Blood sport : (Record no. 30570)
[ view plain ]
| 000 -LEADER | |
|---|---|
| fixed length control field | 00797nam a2200205 4500 |
| 008 - FIXED-LENGTH DATA ELEMENTS--GENERAL INFORMATION | |
| fixed length control field | 071123r19971996nyua b 001 0deng |
| 020 ## - INTERNATIONAL STANDARD BOOK NUMBER | |
| International Standard Book Number | 0684831392 :Php10 (AGST) |
| 090 ## - LOCALLY ASSIGNED LC-TYPE CALL NUMBER (OCLC); LOCAL CALL NUMBER (OCLC) | |
| Classification number (OCLC) (R) ; Classification number, CALL (RLIN) (NR) | E886.2 |
| Local cutter number (OCLC) ; Book number/undivided call number, CALL (RLIN) | St4b |
| 100 1# - MAIN ENTRY--PERSONAL NAME | |
| Personal name | Stewart, James B. |
| 245 10 - TITLE STATEMENT | |
| Title | Blood sport : |
| Remainder of title | the president and his adversaries / |
| Statement of responsibility, etc | James B. Stewart ; [with a new afterword by the author]. |
| 260 ## - PUBLICATION, DISTRIBUTION, ETC. (IMPRINT) | |
| Place of publication, distribution, etc | New York : |
| Name of publisher, distributor, etc | Touchstone, |
| Date of publication, distribution, etc | 1997. |
| 300 ## - PHYSICAL DESCRIPTION | |
| Extent | 495 p. : |
| Other physical details | ill. ; |
| Dimensions | 22 cm. |
| 504 ## - BIBLIOGRAPHY, ETC. NOTE | |
| Bibliography, etc | Includes bibliographical references (p. [469]-475) and index. |
| 600 14 - SUBJECT ADDED ENTRY--PERSONAL NAME | |
| Personal name | Clinton, Bill, |
| Dates associated with a name | 1946- |
| 600 14 - SUBJECT ADDED ENTRY--PERSONAL NAME | |
| Personal name | Clinton, Hillary Rodham. |
| 650 #4 - SUBJECT ADDED ENTRY--TOPICAL TERM | |
| Topical term or geographic name as entry element | Whitewater Inquiry, 1993-2000. |
| 651 #4 - SUBJECT ADDED ENTRY--GEOGRAPHIC NAME | |
| Geographic name | United States |
| General subdivision | Politics and government |
| Chronological subdivision | 1993-2001. |
| 951 ## - EQUIVALENCE OR CROSS-REFERENCE-GEOGRAPHIC NAME/AREA NAME [OBSOLETE] [CAN/MARC only] | |
| General subdivision | 00035996 |
| 951 ## - EQUIVALENCE OR CROSS-REFERENCE-GEOGRAPHIC NAME/AREA NAME [OBSOLETE] [CAN/MARC only] | |
| -- | 31438 |
| -- | E886.2/St4b |
| -- | 071123113024453 |
| -- | 2000-12-21 |
| -- | GC |
| Withdrawn status | Lost status | Damaged status | Not for loan | Home library | Current library | Shelving location | Date acquired | Accession number | Shelving control number | Total Checkouts | Full call number | Barcode | Date last seen | Price effective from | Koha item type |
|---|---|---|---|---|---|---|---|---|---|---|---|---|---|---|---|
| BSOP Library | BSOP Library | GC | 12/21/2000 | 31438 | 127 | E886.2/St4b | 00035996 | 02/23/2013 | 02/23/2013 | Books |
